Conference 1963: report of proceedings (Record no. 95281)

MARC details
000 -LEADER
fixed length control field 00431cam a2200181 4500
001 - CONTROL NUMBER
control field D2639
008 - FIXED-LENGTH DATA ELEMENTS--GENERAL INFORMATION
fixed length control field 090401t1963 xxu||||| |||| 00| 0 eng d
035 ## - SYSTEM CONTROL NUMBER
System control number (Sirsi) u70078
041 ## - LANGUAGE CODE
Language code of text/sound track or separate title eng
050 ## - LIBRARY OF CONGRESS CALL NUMBER
Classification number 526.9
110 ## - MAIN ENTRY--CORPORATE NAME
Corporate name or jurisdiction name as entry element Commonwealth Survey Officers
9 (RLIN) 2586
245 ## - TITLE STATEMENT
Title Conference 1963: report of proceedings
260 ## - PUBLICATION, DISTRIBUTION, ETC.
Place of publication, distribution, etc. London
Name of publisher, distributor, etc. HMSO
Date of publication, distribution, etc. 1963
300 ## - PHYSICAL DESCRIPTION
Extent 2v. 33cm
350 ## - PRICE (NR) (BK AM CF MU VM SE) [OBSOLETE]
Price 8.75
942 ## - ADDED ENTRY ELEMENTS (KOHA)
Suppress in OPAC 0
948 ## - LOCAL PROCESSING INFORMATION (OCLC); SERIES PART DESIGNATOR (RLIN)
c (OCLC) 04/03/1997
Holdings
Withdrawn status Lost status Source of classification or shelving scheme Damaged status Not for loan Home library Current library Shelving location Date acquired Cost, normal purchase price Total Checkouts Full call number Barcode Date last seen Copy number Cost, replacement price Price effective from Koha item type
    Dewey Decimal Classification     London London Basement 28/10/1993 8.75   SHELF 316 30013253 06/08/2019 3 8.75 06/08/2019 Book
    Dewey Decimal Classification     London London Basement 28/10/1993 8.75   SHELF 316 30013254 06/08/2019 4 8.75 06/08/2019 Book